MARC

LEADER 00000nam0a2200000 4500
001 310676
005 20231102002318.0
035 |a (RuTPU)RU\TPU\book\336026 
090 |a 310676 
100 |a 20151127d1981 km y0rusy50 ca 
101 0 |a rus 
102 |a UA 
105 |a a j 001zy 
200 1 |a Специальные вопросы молекулярной физики  |e учебное пособие  |f В. Г. Заремба, Д. И. Полищук  |g Одесский государственный университет им. И. И. Мечникова (ОГУ) 
210 |a Одесса  |c Изд-во ОГУ  |d 1981 
215 |a 97 с.  |c ил. 
320 |a Библиогр.: с. 96 
606 1 |a Молекулярная физика  |2 stltpush  |3 (RuTPU)RU\TPU\subj\44299  |9 63655 
610 1 |a рассеяние света 
610 1 |a угловая зависимость 
610 1 |a молекулярный вес 
610 1 |a молекулы 
610 1 |a поляризуемость 
610 1 |a интерфометр Фабри-Перо 
610 1 |a лазерные лучи 
610 1 |a генерация 
610 1 |a тепловые волны 
610 1 |a распространение 
610 1 |a гиперзвуковые потоки 
610 1 |a жидкости 
610 1 |a учебные пособия 
675 |a 539.19(075.8)  |v 4 
700 1 |a Заремба  |b В. Г.  |g Валентина Григорьевна 
701 1 |a Полищук  |b Д. И.  |g Дмитрий Иванович 
712 0 2 |a Одесский государственный университет им. И. И. Мечникова (ОГУ)  |2 stltpush  |3 (RuTPU)RU\TPU\col\8003 
801 1 |a RU  |b 63413507  |c 20151127 
801 2 |a RU  |b 63413507  |c 20190926  |g RCR 
942 |c BK